Loading...
| History - European | 0 | 6 | 0 | 0 | 60 | 21 | 46.83 | 1 | 4 | 30.66 | 39.21 |
| History - World | 0 | 5 | 0 | 1 | 50 | 14 | 41.00 | 2 | 2 | 27.94 | 34.21 |
| History - American | 0 | 4 | 1 | 0 | 35 | 36 | 58.00 | 0 | 1 | 16.51 | 18.84 |
| Current Events | 0 | 3 | 0 | 1 | 30 | 54 | 87.00 | 0 | 0 | 10.59 | 19.33 |
| Social Science | 0 | 2 | 0 | 0 | 20 | 83 | 86.50 | 0 | 1 | 4.75 | 13.26 |
| Religion | 0 | 2 | 0 | 1 | 20 | 63 | 88.50 | 0 | 0 | 4.36 | 3.55 |
| History - Other | 0 | 2 | 1 | 1 | 15 | 66 | 68.00 | 0 | 0 | 7.09 | 11.16 |
| Geography | 0 | 1 | 0 | 0 | 10 | 68 | 68.00 | 1 | 1 | 6.53 | 16.67 |
| Fine Arts - Classical Music | 0 | 1 | 0 | 1 | 10 | 130 | 130.00 | 0 | 0 | 0.00 | 0.91 |
| Literature - British | 0 | 0 | 1 | 0 | -5 | 0.00 | 0 | 0 | 0.00 | 0.00 | |
| Mythology | 0 | 0 | 1 | 0 | -5 | 0.00 | 0 | 0 | 0.00 | 0.00 |